[Event "Hamburg-ch cand"]
[Site "Hamburg"]
[Date "2016.05.19"]
[Round "6"]
[White "Lezynski, Florian"]
[Black "Keyser, Robin"]
[Result "0-1"]
[WhiteElo "1931"]
[BlackElo "1809"]
[PlyCount "64"]
[EventDate "2016.05.14"]
[EventType "swiss"]
[EventRounds "9"]
[EventCountry "GER"]
[SourceTitle "EXT 2018"]
[Source "ChessBase"]
[SourceDate "2017.10.13"]
[SourceVersion "1"]
[SourceVersionDate "2017.10.13"]
[SourceQuality "1"]

1. e4 e6 2. d4 d5 3. e5 c5 4. Qg4 Nc6 5. Nf3 Nge7 6. Bd3 cxd4 7. 0-0 Ng6 8. Qg3 Be7 9. a3 Bd7 10. b4 Bh4 11. Nxh4 Qxh4 12. Qxh4 Nxh4 13. f4 a6 14. Nd2 f6 15. g3 Ng6 16. exf6 gxf6 17. Nf3 0-0-0 18. Bb2 e5 19. Bxg6 hxg6 20. fxe5 fxe5 21. c3 dxc3 22. Bxc3 Rhe8 23. Bb2 d4 24. Rac1 Kb8 25. Rc5 Bg4 26. Bc1 Bxf3 27. Rxf3 e4 28. Bf4+ Ka8 29. Rb3 e3 30. Rc1 d3 31. b5 d2 32. Bxe3 Rxe3 0-1